Kořist každý poctivý Američan si chrání svůj majetek

Bibliographic Details
Other Authors: Liapis, Peter (Author of dialog), Mancuso, Nick (uci), Divoff, Andrew (uci), Mahonen, Michael (uci)
Format: Book
Language:Czech
PhysicalDescription:1 videokazeta (91 min.) stereo, fareb., VHS systém PAL 10x19 cm
Published: Bratislava Intersonic 1998
Subjects:

MARC

LEADER 00000nam a2200000 a 4500
001 vtls001348040
003 SK-MaSNL
005 20260301200750.0
008 251031s1998 xo 0 cze
015 |a SNBJ1998/04-02533 
035 |a SNK000301315 
040 |a SNK  |b slo  |c SNK  |e AACR2 
041 0 |a cze 
044 |a xo  |c SK 
080 |a 791.43(73)(086.8)  |2 1981 
240 1 0 |a Captured  |l Česky 
245 1 |a Kořist  |h videozáznam  |b každý poctivý Američan si chrání svůj majetek  |c réžia Peter Liapis 
260 |a Bratislava  |b Intersonic  |c 1998 
300 |a 1 videokazeta (91 min.)  |b stereo, fareb., VHS systém PAL  |c 10x19 cm 
511 |a Hrajú: Nick Mancuso (Holden Downs), Andrew Divoff (Robert Breed), Michael Mahonen (Joey) 
521 |a Mládeži do 15 r. nevhodné 
650 0 7 |a filmy akčné  |x videokazety  |2 SNK  |9 283651 
655 7 |a videokazety  |2 SNK  |9 70726 
700 1 |a Liapis, Peter  |4 aud  |9 580390 
700 1 |a Mancuso, Nick  |4 uci  |9 387442 
700 1 |a Divoff, Andrew  |4 uci  |9 381230 
700 1 |a Mahonen, Michael  |4 uci  |9 580391 
730 |t Captured  |9 580392 
999 |c 891985  |d 893915 
952 |t P60, <03>, [BOOK], {603}  |a SNK  |b SNK  |y PREZ  |7 0  |p 17A0165585  |o snkSVC 945  |i snkJK 440/98  |0 0  |1 0  |4 0  |d 1998-11-12  |l 0  |r 2005-01-02 00:00:00  |w 2026-02-24